000 00775nam a2200241 a 4500
001 BRL_166
005 20190320210621.0
008 800709s1978####es-a######---f000-0#spa-#
040 _aDLC
_cDLC
_dDLC
041 _aspa
044 _aes
050 4 _aGT4822
_b.C35 1978
245 1 0 _aCalendario de fiestas religiosas tradicionales de El Salvador.
260 _aEl Salvador
_bMinisterio de Educación, Dirección de Publicaciones
_c1978
300 _a258 p.
_bil.
_c24 cm.
440 0 _aColección Antropología e historia
_v14
_923090
500 _aAu206
650 1 4 _aFestivales
_zEl Salvador
_923091
650 1 4 _aFestividades religiosas
_zEl Salvador
_923092
650 1 4 _aIndígenas de América Central
_xReligión
_zEl Salvador
_923093
902 _aGRL
942 _2lcc
_cB
999 _c8979
_d8979